000
00334nam a22001457a 4500
008
230622b ||||| |||| 00| 0 eng d
020
_a
9781305251809
041
_a
eng
080
_2
NINTH EDITION
_a
311
082
_a
311DEV
100
_a
23
101
_a
STA
245
_a
PROBABILITY AND STATISTICS
_c
DEVORE.L.J
942
_2
udc
_c
BK
999
_c
60024
_d
60024